Strategising energy : (Record no. 92676)

MARC details
000 -LEADER
fixed length control field 01217nam a22002297a 4500
005 - DATE AND TIME OF LATEST TRANSACTION
control field 20150519112335.0
010 ## - LCCN (DPL NO)
LC control number ENG-112563
020 ## - INTERNATIONAL STANDARD BOOK NUMBER
International Standard Book Number 9789381904930
Terms of availability 720.00
035 ## - SYSTEM CONTROL NUMBER
System control number EN-96095
037 ## - SOURCE OF ACQUISITION
Source of stock number/acquisition DBAD/PUB
082 ## - DEWEY DECIMAL CLASSIFICATION NUMBER
Classification number 333.79095
245 00 - TITLE STATEMENT
Title Strategising energy :
Statement of responsibility, etc edited by Sreemati Ganguli
Remainder of title an Asian perspective /
260 ## - PUBLICATION, DISTRIBUTION, ETC. (IMPRINT)
Place of publication, distribution, etc New Delhi
Name of publisher, distributor, etc KW Publishers
Date of publication, distribution, etc 2014
270 ## - ADDRESS
Address 4676/21, First Floor, Ansari Road, Daryaganj,
City New Delhi
Postal code 110002
300 ## - PHYSICAL DESCRIPTION
Extent x,301p. :
Dimensions 24cm(Hb)
Other physical details ill.,maps
500 ## - GENERAL NOTE
General note Includes bibliographical references and index.
505 ## - FORMATTED CONTENTS NOTE
Formatted contents note Pt. 1. India’s energy security scenario -- pt. 2. Strategic significance of West Asian energy -- pt. 3. Eurasian strategic sphere of energy -- pt. 4. China’s energy strategy in the neighbourhood.
520 ## - SUMMARY, ETC.
Summary, etc Contributed articles presented at the International Conference on "Energy and Strategy--the Contemporary Asia", held at Kolkata on 7th September 2011; organised by Maulana Abul Kalam Azad Institute of Asian Studies and Institute of Foreign Policy Studies, University of Calcutta.
650 ## - SUBJECT ADDED ENTRY--TOPICAL TERM
Topical term or geographic name as entry element Energy security
Geographic subdivision Asia
Form subdivision Congresses.
700 ## - ADDED ENTRY--PERSONAL NAME
Personal name Ganguli, Sreemati
942 ## - ADDED ENTRY ELEMENTS (KOHA)
Source of classification or shelving scheme Dewey Decimal Classification
Item type English Books
Call number suffix STR
Classification part 333.79095
Holdings
Withdrawn status Lost status Not for loan Collection code Home library Current library Date acquired Source of acquisition Cost, normal purchase price Full call number Barcode Copy number Cost, replacement price Koha item type
    Not For Loan Non-fiction D.B.Act.Division D.B.Act.Division 01/04/2015 DBAD/PUB 720.00 333.79095 STR EN-96095 1 720.00 English Books

© Delhi Public Library
Hit Counter
free hit counter